ENERGY AND VARIATIONAL METHODS IN APPLIED MECHANICS, WITH AN INTRODUCTION TO THE FINITE ELEMENT METHOD (Record no. 581908)
[ view plain ]
| 000 -LEADER | |
|---|---|
| fixed length control field | 00351nam a22001217a 4500 |
| 020 ## - INTERNATIONAL STANDARD BOOK NUMBER | |
| International Standard Book Number | 0-471-89673 |
| 082 ## - DEWEY DECIMAL CLASSIFICATION NUMBER | |
| Classification number | 620.001515 RED'E |
| 100 ## - MAIN ENTRY--PERSONAL NAME | |
| Personal name | REDDY J.N |
| 9 (RLIN) | 8848 |
| 245 ## - TITLE STATEMENT | |
| Title | ENERGY AND VARIATIONAL METHODS IN APPLIED MECHANICS, WITH AN INTRODUCTION TO THE FINITE ELEMENT METHOD |
| 260 ## - PUBLICATION, DISTRIBUTION, ETC. | |
| Place of publication, distribution, etc. | NEWYORK |
| Name of publisher, distributor, etc. | JHON WILEY |
| Date of publication, distribution, etc. | 1984 |
| 300 ## - PHYSICAL DESCRIPTION | |
| Extent | 545P |
| 942 ## - ADDED ENTRY ELEMENTS (KOHA) | |
| Koha item type | Book |
| Withdrawn status | Lost status | Source of classification or shelving scheme | Damaged status | Not for loan | Permanent Location | Current Location | Shelving location | Date acquired | Full call number | Barcode | Date last seen | Price effective from | Koha item type | Public note |
|---|---|---|---|---|---|---|---|---|---|---|---|---|---|---|
| College of Electrical & Mechanical Engineering (CEME) | College of Electrical & Mechanical Engineering (CEME) | General Stacks | 05/30/2017 | 620.001515 RED'E | CEME-21738 | 06/28/2021 | 06/28/2021 | Book | 4.0 |
